[Event "ch-BUL U20"]
[Site "Sofia BUL"]
[Date "2010.03.08"]
[Round "1"]
[White "Janev,P"]
[Black "Dimov,V"]
[Result "1-0"]
[WhiteElo "2033"]
[BlackElo "2058"]

1.e4 c5 2.Nf3 d6 3.d4 cxd4 4.Nxd4 Nf6 5.Nc3 a6 6.Be3 e6 7.Qd2 Be7 8.f3 Qc7
9.O-O-O b5 10.Bxb5+ axb5 11.Ndxb5 Qa5 12.b4 Qxb4 13.Nc7+ Kf8 14.Nxa8 Qa3+
15.Kb1 Qxa8 16.Ka1 Ba6 17.Rb1 Bc4 18.Qd4 d5 19.exd5 exd5 20.Rhe1 Nc6 21.Qb6 Nd7
22.Qb7 Qxb7 23.Rxb7 d4 24.Rxd7 dxe3 25.Rc7 Bf6 26.Rxe3 Be6 27.Rxc6 Ke7 28.Kb2 Rb8+
29.Kc1 Bg5 30.f4 Bh6 31.g3 Kd7 32.Ra6 g6 33.Rd3+ Kc7 34.Nd5+ Kc8 35.Rb6 Ra8
36.Rc3+ Kd7 37.Rc7+ Kd8 38.Rxe6 fxe6 39.Rxh7 Bf8 40.Rh8  1-0

[Event "FSGM March"]
[Site "Budapest HUN"]
[Date "2010.03.13"]
[Round "8"]
[White "Yu Lie"]
[Black "Sipos,I"]
[Result "1/2-1/2"]
[WhiteElo "2407"]
[BlackElo "2491"]

1.e4 c5 2.Nf3 d6 3.d4 cxd4 4.Nxd4 Nf6 5.Nc3 a6 6.Be3 e5 7.Nf3 Be7 8.Bc4 Nc6
9.O-O O-O 10.Bg5 Be6 11.Bb3 Nd7 12.Bxe7 Qxe7 13.Nd5 Qd8 14.Qe2 Nc5 15.Rfd1 Rc8
16.Rd2 Nxb3 17.axb3 Ne7 18.Nxe7+ Qxe7 19.Rad1 Rc6 20.Ne1  1/2-1/2

[Event "BUL CSKA Semifinal"]
[Site "Sofia BUL"]
[Date "2010.03.14"]
[Round "5"]
[White "Toshev,V"]
[Black "Petkov,P"]
[Result "1-0"]
[WhiteElo "1870"]
[BlackElo "2040"]

1.e4 c5 2.Nf3 d6 3.d4 cxd4 4.Nxd4 Nf6 5.Nc3 a6 6.Be3 Nc6 7.f3 e6 8.Qd2 Be7
9.O-O-O O-O 10.g4 Nxd4 11.Bxd4 b5 12.Kb1 b4 13.Ne2 e5 14.Be3 Qa5 15.g5 Nd7
16.h4 Nb6 17.Nc1 Be6 18.h5 d5 19.Nb3 Qa4 20.Bxb6 dxe4 21.fxe4 Rab8 22.Bc7 Rbc8
23.Bxe5 Bg4 24.Be2 Rfd8 25.Qe3 Bxe2 26.Qxe2 Bxg5 27.Rxd8+ Bxd8 28.Qg4  1-0

[Event "TCh-SUI 2010"]
[Site "Switzerland SUI"]
[Date "2010.03.21"]
[Round "2.6"]
[White "Stoeri,S"]
[Black "Gruenenwald,J"]
[Result "0-1"]
[WhiteElo "2015"]
[BlackElo "2336"]

1.e4 c5 2.Nf3 d6 3.d4 cxd4 4.Nxd4 Nf6 5.Nc3 a6 6.Be3 e5 7.Nb3 Be6 8.f3 Be7
9.Qd2 O-O 10.O-O-O Nbd7 11.g4 b5 12.g5 Nh5 13.Kb1 Nb6 14.Nd5 Nxd5 15.exd5 Bd7
16.Rg1 Rc8 17.Qf2 g6 18.Bb6 Qe8 19.Na5 f6 20.h4 fxg5 21.hxg5 Qf7 22.Qd2 Nf4
23.Be3 Qf5 24.Nc6 Bxc6 25.dxc6 Kg7 26.Qc3 Ne6 27.Rg3 Nf4 28.Rg4 Nd5 29.Rxd5 Qxf3
30.Rgd4 Qxf1+ 31.Rd1 Qc4 32.Rxe5 dxe5 33.Qxe5+ Kf7 34.Rh1 h5 35.Bd4 Rxc6
36.Bc3 b4 37.Qg7+ Ke8 38.Re1 Re6 39.Bd2 Rxe1+ 40.Bxe1 Qe4  0-1

[Event "17th TCh-RUS Higher League"]
[Site "Dagomys RUS"]
[Date "2010.04.02"]
[Round "1"]
[White "Gritsenko,An"]
[Black "Vorobiov,E"]
[Result "0-1"]
[WhiteElo "2388"]
[BlackElo "2616"]

1.e4 c5 2.Nf3 d6 3.d4 cxd4 4.Nxd4 Nf6 5.Nc3 a6 6.Be3 e6 7.g4 h6 8.f3 b5 9.Qd2 b4
10.Nce2 e5 11.Nf5 d5 12.O-O-O d4 13.Nexd4 exd4 14.e5 Ng8 15.Nxd4 Bc5 16.Bc4 Ne7
17.Qd3 Qb6 18.h4 Nbc6 19.Qe4 Nxd4 20.Bxd4 Bxd4 21.Rxd4 Qc6 22.Qxc6+ Nxc6
23.Rd6 Nd8 24.Rhd1 Ke7 25.Rb6 a5 26.Bd5 Ra7 27.Rb8 Bd7 28.Be4 Re8 29.g5 hxg5
30.hxg5 Ne6 31.Rxe8+ Bxe8 32.g6 fxg6 33.c3 Rc7  0-1

[Event "14th Neckar-Open"]
[Site "Deizisau GER"]
[Date "2010.04.02"]
[Round "3"]
[White "Corrales Jimenez,F"]
[Black "Schiendorfer,E"]
[Result "1-0"]
[WhiteElo "2585"]
[BlackElo "2340"]

1.e4 c5 2.Nf3 d6 3.d4 cxd4 4.Nxd4 Nf6 5.Nc3 a6 6.Be3 Ng4 7.Bc1 Nf6 8.Bg5 e6
9.f4 Nbd7 10.Qe2 Qc7 11.O-O-O b5 12.g4 Bb7 13.Bg2 h6 14.e5 dxe5 15.fxe5 hxg5
16.exf6 O-O-O 17.a4 Nxf6 18.axb5 Bxg2 19.Qxg2 Nd5 20.Nxd5 Rxd5 21.bxa6 Bd6
22.Kb1 Qc4 23.Nf5 Bc5 24.b3 Rxd1+ 25.Rxd1 Qxa6 26.Ng3 Kc7 27.Qf3 f6 28.Qc3 Qc6
29.Ne4 Bb6 30.Qb4 Rxh2 31.Qe7+ Kb8 32.Nc5 Rh1 33.Nd7+ Ka7 34.Ne5+ Qc7 35.Rxh1  1-0

[Event "22nd Kreuz-Open"]
[Site "Lenk SUI"]
[Date "2010.04.02"]
[Round "2"]
[White "Kurmann,O"]
[Black "Grillon,A"]
[Result "1-0"]
[WhiteElo "2432"]
[BlackElo "2096"]

1.e4 c5 2.Nf3 d6 3.d4 cxd4 4.Nxd4 Nf6 5.Nc3 a6 6.Be3 e6 7.g4 b5 8.g5 Nfd7
9.a3 Bb7 10.h4 Nc6 11.h5 Nxd4 12.Qxd4 Ne5 13.Be2 Rc8 14.O-O-O Nc4 15.Bxc4 Rxc4
16.Qd3 Be7 17.Rhg1 O-O 18.f4 Qa5 19.Bd2 Rfc8 20.Kb1 Qb6 21.f5 a5 22.f6 Bf8
23.g6 fxg6 24.hxg6 h6 25.Bxh6 gxh6 26.g7 Be7 27.fxe7 R4c7 28.Qh3  1-0

[Event "Najdorf Centenary Open"]
[Site "Buenos Aires ARG"]
[Date "2010.04.03"]
[Round "3"]
[White "Benedetti,J"]
[Black "Gimenez,S"]
[Result "0-1"]
[WhiteElo "1916"]
[BlackElo "2204"]

1.e4 c5 2.Nf3 d6 3.d4 cxd4 4.Nxd4 Nf6 5.Nc3 a6 6.Be3 e5 7.Nb3 Be7 8.f3 Be6
9.Qd2 O-O 10.O-O-O Qc7 11.g4 Rc8 12.Kb1 d5 13.exd5 Nxd5 14.Nxd5 Bxd5 15.Be2 a5
16.Qxd5 Qxc2+ 17.Ka1 Qxe2 18.Qxb7 Nc6 19.Rc1 a4 20.Rhe1 Qa6 21.Qxa6 Rxa6
22.Nc5 Bxc5 23.Rxc5 f6 24.Rd1 Raa8 25.Rdc1 Ra6 26.Rb5 Raa8 27.Rbc5 Ra6 28.Rb5 Ne7
29.Rxc8+ Nxc8 30.Bc5 Nd6 31.Bxd6 Rxd6 32.Kb1 Rd4 33.Rb7 g6 34.Kc2 Rf4 35.Ra7 h5
36.g5 fxg5 37.Ra5 Kf7 38.Rxe5 Rxf3 39.Rxg5 Rf2+ 40.Kc3 Rxh2 41.Ra5 Rh4 42.b4 axb3
43.axb3 Rg4 44.b4 Ke6 45.Rc5 Kd6 46.Rc8 Rg1 47.Kc2 Rg5 48.Kd3 h4 49.Ke3 Rg3+
50.Kf2 g5 51.b5 Rb3 52.Rc6+ Ke5 53.Rc5+ Kf4 54.Rc4+ Kf5 55.Rc5+ Kg4 56.Kg1 Rb2
57.Rc4+ Kh5 58.Rc5 h3 59.b6 Rxb6 60.Kh2 Rb3 61.Rc8 Kh4  0-1

[Event "21st Pobeskydi TS Cup"]
[Site "Frydek-Mistek CZE"]
[Date "2010.04.03"]
[Round "5"]
[White "Sosovicka,J"]
[Black "Matuszewski,M"]
[Result "0-1"]
[WhiteElo "2085"]
[BlackElo "2283"]

1.e4 c5 2.Nf3 d6 3.d4 cxd4 4.Nxd4 Nf6 5.Nc3 a6 6.Be3 e5 7.Nb3 Be6 8.f3 Be7
9.Qd2 O-O 10.O-O-O Nbd7 11.g4 b5 12.g5 b4 13.Ne2 Ne8 14.f4 a5 15.f5 Bxb3
16.cxb3 a4 17.bxa4 Rxa4 18.b3 Ra5 19.Kb1 d5 20.exd5 Bc5 21.Nc1 Nd6 22.Bxc5 Nxc5
23.Nd3 Nce4 24.Qxb4 Qa8 25.Nc1 Rb8 26.Qe1 Rxa2 27.Nxa2 Rxb3+ 28.Ka1 Ra3 29.Rd2 Nc3
30.Qb1 Nxb1 31.Kxb1 Ne4 32.Rb2 Rxa2 33.Rxa2 Nc3+ 34.Kb2 Qxa2+ 35.Kxc3 Qxd5  0-1

[Event "21st Pobeskydi Chance Cup"]
[Site "Frydek-Mistek CZE"]
[Date "2010.04.03"]
[Round "5"]
[White "Dvorak,T"]
[Black "Jurcik,Mart"]
[Result "1/2-1/2"]
[WhiteElo "2297"]
[BlackElo "2362"]

1.e4 c5 2.Nf3 d6 3.d4 cxd4 4.Nxd4 Nf6 5.Nc3 a6 6.Be3 e5 7.Nb3 Be7 8.Qd2 O-O
9.O-O-O Be6 10.h3 b5 11.f4 exf4 12.Bxf4 b4 13.Nd5 Nxe4 14.Nxe7+ Qxe7 15.Bxd6 Nxd6
16.Qxd6 Qg5+ 17.Qd2 Qxd2+ 18.Rxd2 Rc8 19.g4 Nd7 20.Bg2 Ra7 21.Nd4 Nc5 22.Nxe6 Nxe6  1/2-1/2

[Event "21st Pobeskydi TS Cup"]
[Site "Frydek-Mistek CZE"]
[Date "2010.04.04"]
[Round "7"]
[White "Petenyi,T"]
[Black "Poloch,P"]
[Result "1/2-1/2"]
[WhiteElo "2300"]
[BlackElo "2275"]

1.e4 c5 2.Nf3 d6 3.d4 cxd4 4.Nxd4 Nf6 5.Nc3 a6 6.Be3 e6 7.g4 h6 8.Bg2 Qc7
9.h3 Nc6 10.f4 Bd7 11.O-O Na5 12.Bf2 Rc8 13.Qe2 Nc4 14.b3 Na3 15.Nd5 exd5
16.exd5+ Be7 17.c4 O-O 18.g5 hxg5 19.fxg5 Nh7 20.g6 Nf6 21.gxf7+ Rxf7 22.Ne6 Bxe6
23.dxe6 Rff8 24.Rad1  1/2-1/2

[Event "22nd Kreuz-Open"]
[Site "Lenk SUI"]
[Date "2010.04.04"]
[Round "6"]
[White "Frey,Ma"]
[Black "Grillon,A"]
[Result "1-0"]
[WhiteElo "1941"]
[BlackElo "2096"]

1.e4 c5 2.Nf3 d6 3.d4 cxd4 4.Nxd4 Nf6 5.Nc3 a6 6.Be3 e6 7.Be2 Be7 8.O-O O-O
9.f4 Qc7 10.g4 h6 11.g5 hxg5 12.fxg5 Nfd7 13.g6 Ne5 14.gxf7+ Rxf7 15.Rxf7 Kxf7
16.Qf1+ Bf6 17.Qh3 Nbc6 18.Qh5+ Ke7 19.Nf5+ Kd8 20.Nxd6 Qxd6 21.Rd1 Nd4 22.Bxd4 Nf3+
23.Bxf3 Bxd4+ 24.Kh1 Kc7 25.Ne2 g6 26.Qh7+  1-0

[Event "21st Pobeskydi TS Cup"]
[Site "Frydek-Mistek CZE"]
[Date "2010.04.05"]
[Round "9"]
[White "Pagerka,M"]
[Black "Poloch,P"]
[Result "1/2-1/2"]
[WhiteElo "2123"]
[BlackElo "2275"]

1.Nf3 c5 2.e4 d6 3.d4 cxd4 4.Nxd4 Nf6 5.Nc3 a6 6.Be3 e6 7.f3 b5 8.Qd2 Nbd7
9.O-O-O Bb7 10.g4 Nb6 11.Qf2 Nbd7 12.e5 dxe5 13.Nb3 Nd5 14.Ne4 Qc7 15.Kb1 Nxe3
16.Qxe3 Be7 17.Rd3 O-O 18.Rc3 Qd8 19.Be2 Nb6 20.Nec5 Bd5 21.Rd1 b4 22.Rcd3 Qc7
23.R3d2 Qc8  1/2-1/2

[Event "17th TCh-RUS Higher League"]
[Site "Dagomys RUS"]
[Date "2010.04.06"]
[Round "5"]
[White "Ozolin,M"]
[Black "Vorobiov,E"]
[Result "1-0"]
[WhiteElo "2383"]
[BlackElo "2616"]

1.e4 c5 2.Nf3 d6 3.d4 cxd4 4.Nxd4 Nf6 5.Nc3 a6 6.Be3 e5 7.Nb3 Be7 8.Qd2 Ng4
9.g3 Nxe3 10.Qxe3 Nd7 11.O-O-O Nf6 12.f4 Qc7 13.Kb1 b5 14.h3 O-O 15.g4 b4
16.Nd5 Nxd5 17.exd5 a5 18.Nd2 exf4 19.Qxf4 a4 20.Qxb4 a3 21.b3 Rb8 22.Qxa3 Bd7
23.Ne4 f5 24.gxf5 Bxf5 25.Bd3 Bxe4 26.Bxe4 Ra8 27.Qb2 Rf2 28.Qd4 Bf6 29.Qxf2 Qc3
30.Qxf6 Qxf6 31.a4 Qh4 32.Bd3 g6 33.Bb5 Rf8 34.Rd3 Rf2 35.Rhd1 Kg7 36.Bd7 h5
37.Rd4 Qf6 38.Be6 Rf1 39.Rxf1 Qxd4 40.Rf7+ Kh6 41.Rc7 Qb4 42.Kb2 Kg5 43.Rc4 Qa5
44.Ka3 Qe1 45.c3 Kf6 46.a5 g5 47.Kb4 Qe3 48.Rd4 Qe2 49.Rc4 Qe3 50.Kb5 Ke5
51.a6 g4 52.hxg4 h4 53.g5 h3 54.g6 h2 55.g7 h1=Q 56.g8=Q Qeg1 57.Qxg1 Qxg1
58.Rc7 Qf1+ 59.c4 Qa1 60.a7 Qa3 61.b4 Kd4 62.Kc6 Qa6+ 63.Kd7 Ke5 64.b5 Qa3
65.Kc8  1-0

[Event "17th TCh-RUS Higher League"]
[Site "Dagomys RUS"]
[Date "2010.04.08"]
[Round "7"]
[White "Ozolin,M"]
[Black "Gritsenko,An"]
[Result "1-0"]
[WhiteElo "2383"]
[BlackElo "2388"]

1.e4 c5 2.Nf3 d6 3.d4 cxd4 4.Nxd4 Nf6 5.Nc3 a6 6.Be3 Nbd7 7.f3 e6 8.g4 h6
9.Qd2 b5 10.O-O-O b4 11.Na4 d5 12.h4 dxe4 13.Bh3 Nd5 14.fxe4 Nxe3 15.Qxe3 Qa5
16.b3 Ne5 17.Nf3 Nxf3 18.Qxf3 Be7 19.e5 Ra7 20.Qc6+ Bd7 21.Rxd7 Rxd7 22.Nb6 O-O
23.Nxd7 Rd8 24.Kb1 Bxh4 25.Qc5 Qxc5 26.Nxc5 a5 27.Nd3 Bg5 28.Bg2 Bd2 29.Rf1 Bc3
30.Rf4 g6 31.Re4 Kg7 32.Kc1 h5 33.gxh5 gxh5 34.Kd1 Rh8 35.Rh4 Kg6 36.Be4+ Kg7
37.Ke2 f6 38.Nf4 f5 39.Nxe6+ Kg6 40.Bf3 Bxe5 41.Ke3 Rc8 42.Nf4+ Bxf4+ 43.Kxf4 Rxc2
44.Bxh5+ Kf6 45.Bf3 a4 46.Rh6+ Ke7 47.Ke5 Rxa2 48.Rh7+ Kf8 49.Kf6 Kg8 50.Rh1 Rd2
51.bxa4 b3 52.Rb1 b2 53.Kxf5 Kf8 54.Bd1 Ke7 55.Ke4 Kd6 56.Ke3 Rh2 57.Kd4 Kc6
58.Kc4 Kb6 59.Kb4 Ka6 60.Ka3 Rd2 61.Bb3 Ka5 62.Rxb2 Rd4 63.Rc2 Rd3 64.Rc5+  1-0

[Event "Open"]
[Site "Thessaloniki GRE"]
[Date "2010.04.09"]
[Round "6"]
[White "Vocaturo,D"]
[Black "Esen,B"]
[Result "0-1"]
[WhiteElo "2489"]
[BlackElo "2506"]

1.e4 c5 2.Nf3 d6 3.d4 cxd4 4.Nxd4 Nf6 5.Nc3 a6 6.Be3 e5 7.Nb3 Be6 8.f3 h5
9.Qd2 Nbd7 10.Nd5 Bxd5 11.exd5 g6 12.c4 b6 13.Be2 Bg7 14.O-O O-O 15.Rac1 Kh7
16.f4 Ne4 17.Qc2 f5 18.Bf3 Nec5 19.fxe5 Nxb3 20.axb3 Bxe5 21.g3 Qf6 22.Rb1 a5
23.Kh1 Nc5 24.Rbe1 Rae8 25.Bc1 Kg7 26.Re2 h4 27.gxh4 Qxh4 28.Rg2 Rh8 29.Bg5 Qh3
30.Qf2 Rh7 31.Bg4 Ne4 32.Bxh3 Nxf2+ 33.Rfxf2 Rxh3 34.Bd2 Rxb3 35.Rxf5 Rxb2
36.Rf1 Rc8 37.Rff2 a4 38.h4 a3 39.h5 a2 40.c5 Rxd2  0-1

[Event "Open"]
[Site "Thessaloniki GRE"]
[Date "2010.04.09"]
[Round "6"]
[White "Erdogdu,M"]
[Black "Stella,A"]
[Result "1/2-1/2"]
[WhiteElo "2502"]
[BlackElo "2283"]

1.e4 c5 2.Nf3 d6 3.d4 cxd4 4.Nxd4 Nf6 5.Nc3 a6 6.Be3 e6 7.f3 b5 8.Qd2 Nbd7
9.O-O-O Bb7 10.g4 Nb6 11.Qf2 Nfd7 12.Bd3 Rc8 13.Nce2 d5 14.e5 Nxe5 15.Nxe6 fxe6
16.Bxb6 Qf6 17.f4 Nxd3+ 18.Rxd3 Bd6 19.Bd4 Qf7 20.Qg3 O-O 21.Be5 Bxe5 22.fxe5 d4
23.Re1 Be4 24.Rd2 d3 25.Nc3 Bg6  1/2-1/2

[Event "6th TCh-CHN"]
[Site "Ningbo CHN"]
[Date "2010.04.16"]
[Round "1"]
[White "Wen Yang"]
[Black "Ji Dan"]
[Result "1-0"]
[WhiteElo "2520"]
[BlackElo "2379"]

1.e4 c5 2.Nf3 d6 3.d4 Nf6 4.Nc3 cxd4 5.Nxd4 a6 6.Be3 e5 7.Nb3 Be6 8.f4 Qc7
9.f5 Bc4 10.Bxc4 Qxc4 11.Qd3 Qxd3 12.cxd3 Nbd7 13.a3 Be7 14.Ke2 O-O-O 15.g4 h6
16.h4 Kb8 17.g5 Nh5 18.Kf3 hxg5 19.hxg5 Nf4 20.Bxf4 exf4 21.Kxf4 Ne5 22.Nd5 Nxd3+
23.Ke3 Nc5 24.f6 Rxh1 25.Rxh1 Nxb3 26.fxe7 Re8 27.Rh7  1-0

[Event "6th TCh-CHN"]
[Site "Ningbo CHN"]
[Date "2010.04.17"]
[Round "2"]
[White "Ding Yixin"]
[Black "Zhang Jilin"]
[Result "1-0"]
[WhiteElo "2315"]
[BlackElo "2281"]

1.e4 c5 2.Nf3 d6 3.d4 cxd4 4.Nxd4 Nf6 5.Nc3 a6 6.Be3 e5 7.Nb3 Be7 8.Qd2 Nbd7
9.f3 b5 10.g4 b4 11.Ne2 O-O 12.Ng3 a5 13.Nf5 Ne8 14.a3 Bb7 15.axb4 axb4 16.Qxb4 Rxa1+
17.Nxa1 Ba8 18.Nxe7+ Qxe7 19.Bc4 Qh4+ 20.Bf2 Qh3 21.Qc3 Nef6 22.Qe3 Nxg4
23.fxg4 Qxg4 24.Bd3 Nc5 25.Rg1 Qe6 26.b4 Nxd3+ 27.Qxd3 Rc8 28.Nb3 Rc4 29.Nc5  1-0

[Event "1st Stilyan Strugov Mem"]
[Site "Ognjanovo BUL"]
[Date "2010.04.18"]
[Round "7"]
[White "Ilchov,R"]
[Black "Angelov,G"]
[Result "0-1"]
[WhiteElo "2216"]
[BlackElo "2218"]

1.e4 c5 2.Nf3 d6 3.d4 Nf6 4.Nc3 cxd4 5.Nxd4 a6 6.Be3 e5 7.Nb3 Be6 8.Qd2 Nbd7
9.O-O-O b5 10.f3 b4 11.Nd5 Bxd5 12.exd5 Nb6 13.Bxb6 Qxb6 14.Bd3 Be7 15.Kb1 O-O
16.Be4 a5 17.g4 a4 18.Nc1 Rfc8 19.b3 Rc3 20.Ne2 Qa5 21.Nc1 Rac8 22.Bd3 R3c5
23.Bc4 Rxc4 24.bxc4 Rxc4 25.g5 Nd7  0-1

[Event "Open"]
[Site "Bar MNE"]
[Date "2010.04.21"]
[Round "6"]
[White "Mijovic,S"]
[Black "Lekic,L"]
[Result "1-0"]
[WhiteElo "2354"]
[BlackElo "1849"]

1.e4 c5 2.Nf3 d6 3.d4 cxd4 4.Nxd4 Nf6 5.Nc3 a6 6.Be3 e5 7.Nb3 Be6 8.f3 Be7
9.Qd2 O-O 10.O-O-O Qc7 11.g4 Rc8 12.Kb1 Nbd7 13.h4 Nb6 14.Qf2 Nc4 15.Bxc4 Qxc4
16.h5 b5 17.g5 Nd7 18.Nd5 Bxd5 19.exd5 a5 20.Nc1 a4 21.a3 b4 22.Rh4 Qa6 23.Rxb4 Rab8
24.Nd3 Nc5 25.Rxb8 Rxb8 26.Nb4 Qb5 27.Qf1 Qb7 28.Qc4 f5 29.Bxc5  1-0

[Event "Venka & Antonia Ivanova Mem"]
[Site "Sofia BUL"]
[Date "2010.04.23"]
[Round "4"]
[White "Andreev,Do"]
[Black "Raeva,E"]
[Result "0-1"]
[WhiteElo "2071"]
[BlackElo "2238"]

1.e4 c5 2.Nf3 d6 3.d4 cxd4 4.Nxd4 Nf6 5.Nc3 a6 6.Be3 e5 7.Nb3 Be6 8.f3 Nbd7
9.Qd2 b5 10.O-O-O Be7 11.Kb1 Qc7 12.Bxb5 axb5 13.Nxb5 Qc6 14.Nxd6+ Bxd6 15.Qxd6 Qxd6
16.Rxd6 Ke7 17.Rhd1 Rhc8 18.Nc1 Ne8 19.R6d2 Ra6 20.b3 Nd6 21.c4 f5 22.Bg5+ Nf6
23.Nd3 h6 24.Bxf6+ gxf6 25.Nb4 Rb6 26.Nd5+ Bxd5 27.cxd5 fxe4 28.Rc1 Rxc1+
29.Kxc1 f5 30.Rc2 e3 31.Rc7+ Kf6 32.Rc6 Rxc6+ 33.dxc6 f4  0-1

[Event "2nd Milko Bobotsov Mem"]
[Site "Sofia BUL"]
[Date "2010.05.01"]
[Round "2"]
[White "Andreev,Do"]
[Black "Ivanov,Bor BUL"]
[Result "0-1"]
[WhiteElo "2071"]
[BlackElo "2156"]

1.e4 c5 2.Nf3 d6 3.d4 cxd4 4.Nxd4 Nf6 5.Nc3 a6 6.Be3 e6 7.f3 b5 8.Qd2 Nbd7
9.O-O-O Bb7 10.Kb1 b4 11.Nce2 d5 12.exd5 Nxd5 13.c4 bxc3 14.Nxc3 Bb4 15.Nde2 N7b6
16.Qd4 O-O 17.Nxd5 Nxd5 18.Bd2 Be7 19.Qa4 Bf6 20.Ba5 Qe7 21.Nf4 Rab8 22.Nxd5 Bxd5
23.b3 Qd6 24.Rc1 Rfc8 25.Bc4 Bc6  0-1

[Event "4NCL 2009-10"]
[Site "Sunningdale ENG"]
[Date "2010.05.02"]
[Round "10"]
[White "McDonald,N"]
[Black "Moskovic,D"]
[Result "1-0"]
[WhiteElo "2412"]
[BlackElo "2307"]

1.e4 c5 2.Nf3 d6 3.d4 cxd4 4.Nxd4 Nf6 5.Nc3 a6 6.Be3 e5 7.Nf3 Be7 8.Bc4 O-O
9.O-O Be6 10.Bb3 Nc6 11.Bg5 Rc8 12.Bxf6 Bxf6 13.Nd5 Bxd5 14.Qxd5 Na5 15.Rfd1 Be7
16.Nd2 Nxb3 17.axb3 Qc7 18.c3 g6 19.Nc4 Rcd8 20.Kh1 Kg7 21.Rd3 f5 22.exf5 Rxf5
23.f3 Rf4 24.Rad1 Qc8 25.Nd2 Rdf8 26.Ne4 Kh6 27.c4 R8f5 28.c5 dxc5 29.Qd7 Qf8
30.Qxb7 Rh5 31.Ng3 Rg5 32.Rd7 Rf7 33.Qe4 Bf6 34.Qe3 Kg7 35.Ne4 Rf5 36.Nxf6 Rxf6
37.Qxe5 Kg8 38.Rd8  1-0

[Event "ch-CZE"]
[Site "Ostrava CZE"]
[Date "2010.05.09"]
[Round "9"]
[White "Talla,V"]
[Black "Cernousek,L"]
[Result "1/2-1/2"]
[WhiteElo "2505"]
[BlackElo "2408"]

1.e4 c5 2.Nf3 d6 3.d4 Nf6 4.Nc3 cxd4 5.Nxd4 a6 6.Be3 e5 7.Nf3 Be7 8.Bc4 O-O
9.O-O Be6 10.Bb3 Nc6 11.Bg5 Nd7 12.Bxe7 Qxe7 13.Nd5 Qd8 14.Qd2 Nc5 15.Rfe1 Rc8
16.h3 Nxb3 17.axb3 Bxd5 18.exd5 Ne7 19.c4 Ng6 20.Rac1 Re8 21.b4 Nf4 22.Rc3 Qf6
23.Qc2 b5 24.b3 e4 25.Rce3 Nxg2 26.Kxg2 exf3+ 27.Kg3 Rf8 28.h4 bxc4 29.bxc4 Qd4
30.Re4 Qxd5 31.cxd5 Rxc2 32.Ra1 Rd2 33.Rxa6 Rxd5 34.b5 Rxb5 35.Rxd6 Rf5 36.Rf4 Rxf4
37.Kxf4 h5 38.Kxf3 Ra8 39.Kg3 g6 40.Rb6 Ra1 41.f3 Ra4 42.Rc6 Kg7 43.Rb6 Rd4
44.Ra6 Rd5 45.Rb6 g5 46.hxg5 Rxg5+ 47.Kh4 f6 48.Rb8 Ra5 49.Rc8 Kg6 50.Rb8 Ra4+
51.Kg3 h4+ 52.Kh3 f5 53.Rc8 Kg5 54.Rb8 Rd4 55.Ra8 Rd3 56.Rg8+ Kf4 57.Kxh4 Rxf3
58.Ra8 Re3 59.Ra4+ Re4 60.Ra3 Rd4 61.Rb3 Ke4 62.Kg5 Ra4 63.Rb8 f4 64.Kg4 Ke3
65.Rb3+ Ke4  1/2-1/2

[Event "ch-Commonwealth"]
[Site "Delhi IND"]
[Date "2010.05.12"]
[Round "4"]
[White "Bakre,T"]
[Black "Nitin,S"]
[Result "1/2-1/2"]
[WhiteElo "2483"]
[BlackElo "2363"]

1.e4 c5 2.Nf3 d6 3.d4 cxd4 4.Nxd4 Nf6 5.Nc3 a6 6.Be3 e5 7.Nf3 Be7 8.Bc4 O-O
9.O-O Be6 10.Qe2 Bxc4 11.Qxc4 b5 12.Qd3 Nbd7 13.Rfd1 Rc8 14.Rac1 Qc7 15.a3 Qc4
16.Bg5 h6 17.Bxf6 Nxf6 18.Nd5 Nxd5 19.Qxd5 Rc5 20.Qd3 Rfc8 21.c3 Qxd3 22.Rxd3 Rc4
23.Re1 g6 24.Nd2 R4c6 25.Nf1 Bg5 26.Red1 Rd8 27.Rd5 h5 28.g3 f6 29.h4 Bh6
30.Nh2 Kf7 31.Nf3 Ke6 32.Ne1 Rc4 33.Nd3 Rb8 34.Nb4 Rb6 35.f3 a5 36.Nc2 f5
37.exf5+ gxf5 38.Kf2 Rc5 39.R5d3 Rc4 40.Re1 Kf6 41.Kg2 f4 42.g4 Bf8 43.g5+ Kf5
44.Kf2 Rb7 45.Ke2 Rb8 46.Red1 Rb6 47.Rd5 Be7 48.Rg1 Kg6 49.Kd3 Rc7 50.Rb1 Rc8
51.a4 b4 52.c4 Rbc6 53.b3 Rc5 54.Rxc5 Rxc5 55.Re1 d5 56.Nd4 dxc4+ 57.bxc4 Bd6
58.Nb3 Rc7 59.c5 Bxc5 60.Rxe5 Be3 61.Nxa5 Rc3+ 62.Ke4 Bd2 63.Rb5 Be1 64.Rb6+ Kg7
65.Nc6 b3 66.Rb7+ Kf8 67.Ne5 Kg8 68.Kxf4 Bxh4 69.Kf5 Bg3 70.f4 h4 71.Kf6 Rc8
72.Rxb3 Bxf4 73.Ng6 Rc6+ 74.Kf5 Bd6 75.Nxh4 Rc4 76.Rd3 Rxh4 77.Rxd6 Rxa4
78.Kg6 Ra8 79.Kh6 Rb8  1/2-1/2

[Event "KNSB Cup"]
[Site "Amersfoort NED"]
[Date "2010.05.13"]
[Round "1.1"]
[White "Muhren,B"]
[Black "Hachijan,A"]
[Result "1/2-1/2"]
[WhiteElo "2295"]
[BlackElo "2147"]

1.e4 c5 2.Nf3 d6 3.d4 cxd4 4.Nxd4 Nf6 5.Nc3 a6 6.Be3 e6 7.a4 Nc6 8.Be2 Be7
9.O-O O-O 10.f4 Qc7 11.Kh1 Re8 12.a5 Nxa5 13.e5 dxe5 14.fxe5 Qxe5 15.Bf4 Qc5
16.Na4 Qa7 17.Be3 Nd5 18.Bg1 Qb8 19.c4 Nb4 20.Nb6 Nac6 21.Nxc6 Nxc6 22.Nxa8 Qxa8
23.Bf3 Ne5 24.Qe2 Nxf3 25.Rxf3 f6 26.Rg3 e5 27.Qh5 Be6 28.Be3 Kh8 29.Rf1 Qc8
30.b3 Rf8 31.Bc1 Qe8 32.Qf3 Qc8 33.Bb2 Qc7 34.Qe4 Rc8 35.Re3 Qc6 36.Qh4 Qd7
37.Qe4 Qc6 38.Qh4 Re8 39.Qh5 Rf8 40.Rfe1 Bc5 41.Re4 Bf7 42.Qh3 Bg6 43.R4e2 Rd8
44.Qh4 Qb6 45.h3 Re8 46.Qg3 Rd8 47.Qh4 Rc8 48.Qg4 Rd8 49.Qh4 Re8 50.Qg3 Qb4
51.Qc3 Qb6  1/2-1/2

[Event "XV MIC"]
[Site "Split CRO"]
[Date "2010.05.13"]
[Round "6"]
[White "Plenkovic,Z"]
[Black "Ljubicic,F"]
[Result "1/2-1/2"]
[WhiteElo "2390"]
[BlackElo "2361"]

1.e4 c5 2.Nf3 d6 3.d4 cxd4 4.Nxd4 Nf6 5.Nc3 a6 6.Be3 e6 7.Qd2 b5 8.f3 Bb7
9.O-O-O Nbd7 10.Kb1 Nb6 11.e5 dxe5 12.Nxe6 Qxd2 13.Rxd2 fxe6 14.Bxb6 Bb4
15.Bd3 Rc8 16.Re2 Nd7 17.Bf2 Bxc3 18.bxc3 Rxc3 19.Kb2 Rc8 20.Bg3 Nc5 21.Bxe5 Nxd3+
22.cxd3 Kf7 23.Rc1 Rxc1 24.Kxc1 Rc8+ 25.Rc2  1/2-1/2

[Event "TCh-UKR Clubs"]
[Site "Alushta UKR"]
[Date "2010.05.16"]
[Round "6"]
[White "Polischuk,I"]
[Black "Nedilko,V"]
[Result "1/2-1/2"]
[WhiteElo "2092"]
[BlackElo "2409"]

1.e4 c5 2.Nf3 d6 3.d4 cxd4 4.Nxd4 Nf6 5.Nc3 a6 6.Be3 e5 7.Nb3 Be7 8.f3 Be6
9.Qd2 O-O 10.O-O-O a5 11.Bb5 Na6 12.g4 Nc7 13.g5 Nxb5 14.gxf6 Nxc3 15.fxe7 Nxa2+
16.Kb1 Qxe7 17.Qxd6 Qf6 18.Bb6 Nb4 19.Nxa5 Nc6 20.Nxc6 bxc6 21.b3 Qxf3 22.Kb2 Rfb8
23.Rhe1 h6 24.Rd3 Qh5 25.Bc7 Re8 26.Qxe5 Qxe5+ 27.Bxe5 Bxb3 28.Bxg7 Bxc2
29.Rg3 Bxe4 30.Bxh6+ Bg6 31.Rxe8+ Rxe8 32.Re3 Be4 33.Kc3 f5 34.Bf4 Ra8 35.Kd4 Kf7
36.Ke5 Rd8 37.Bg5 Rd5+ 38.Kf4 Ke6 39.h4 Rd1 40.Rh3 Rf1+ 41.Ke3 Ke5 42.Ke2 Rg1
43.Be3 Rg2+ 44.Bf2 f4 45.h5 Bf5 46.Rh4 Rg7 47.h6 Rb7 48.Kf3 Rb3+ 49.Ke2 Bd3+
50.Kd2 Bh7 51.Rg4 Bf5 52.Rh4 Rb2+ 53.Ke1 Rb7 54.Kd2 Rf7 55.Kc3 Ke4 56.Kc4 Kf3
57.Be1 Bh7 58.Rh2 Rf5 59.Rf2+ Ke3 60.Rh2 f3 61.Bf2+ Ke2 62.Bd4+  1/2-1/2

[Event "4th All China Games Rapid"]
[Site "Hefei CHN"]
[Date "2010.05.18"]
[Round "5"]
[White "Wang Zili"]
[Black "Liu Qingnan"]
[Result "1-0"]
[WhiteElo "2492"]
[BlackElo "2438"]

1.e4 c5 2.Nf3 d6 3.d4 Nf6 4.Nc3 cxd4 5.Nxd4 a6 6.Be3 e5 7.Nb3 Be6 8.Qd2 Be7
9.O-O-O Nbd7 10.f4 b5 11.f5 Bc4 12.Kb1 Qc7 13.a3 Rd8 14.g4 h6 15.Qg2 Nb6
16.Bxb6 Qxb6 17.h4 h5 18.g5 Ng4 19.Nd2 Ne3 20.Qg1 d5 21.Bxc4 dxc4 22.Nf1 Bc5
23.Nxe3 Bxe3 24.Rxd8+ Kxd8 25.Qd1+ Bd4 26.Nd5 Qd6 27.c3 Bc5 28.Qf3 Kc8 29.Rd1 Qc6
30.Kc2 a5 31.Qe2 a4 32.Qf3 Kb7 33.Kd2 Rd8 34.Ke2 Rh8 35.Qg3 Re8 36.Qf3 Rh8
37.Ne3 Kc8 38.Rd5 Rd8 39.Rxd8+ Kxd8 40.Nd5 Ba7 41.g6 Ke8 42.f6  1-0

[Event "Chladek & Tintera Open"]
[Site "Hradec Kralove CZE"]
[Date "2010.05.18"]
[Round "4"]
[White "Saucuk,Martin"]
[Black "Macek,K"]
[Result "1/2-1/2"]
[WhiteElo "1781"]
[BlackElo "1954"]

1.e4 c5 2.Nf3 d6 3.d4 cxd4 4.Nxd4 Nf6 5.Nc3 a6 6.Be3 e6 7.Qd2 Qc7 8.f3 Nbd7
9.g4 Ne5 10.O-O-O b5 11.h4 Bb7 12.h5 Rc8 13.Bd3 Nfd7 14.g5 Nxd3+ 15.Qxd3 Nc5
16.Qe2 b4 17.Nb1 e5 18.Nb3 Nxb3+ 19.axb3 Be7 20.g6 f6 21.gxh7 Rxh7 22.Qg2 Bf8
23.Qg6+ Ke7 24.Rd2 Rh8 25.h6 gxh6 26.Bxh6 Rxh6 27.Rxh6 Bxh6 28.Qxh6 Rf8 29.Rg2 Qd7
30.Rg7+ Rf7 31.Rxf7+  1/2-1/2

[Event "ch-HUN w"]
[Site "Nagykanizsa HUN"]
[Date "2010.05.18"]
[Round "5"]
[White "Papp,P"]
[Black "Lakos,N"]
[Result "0-1"]
[WhiteElo "2270"]
[BlackElo "2289"]

1.e4 c5 2.Nf3 d6 3.d4 cxd4 4.Nxd4 Nf6 5.Nc3 a6 6.Be3 Nc6 7.Qd2 e6 8.O-O-O Be7
9.Be2 O-O 10.f4 Qc7 11.g4 b5 12.g5 Nd7 13.Bf3 Nxd4 14.Qxd4 Rb8 15.Kb1 b4
16.Na4 e5 17.Qd2 exf4 18.Bxf4 Ne5 19.Bxe5 dxe5 20.b3 Rd8 21.Qe2 Bd7 22.Nb2 Bb5
23.Qg2 Bc5 24.Be2 Bd4 25.Nc4 a5 26.h4 a4 27.h5 Ra8 28.Bd3 Ra6 29.Rhf1 Rda8
30.Rd2 Rc6 31.Qe2 Rca6 32.Qh2 Rc6 33.Qe2 Bc3 34.g6 fxg6 35.hxg6 Rxg6 36.Rdd1 Bd4
37.Qh2 h6 38.Rf5 Rga6 39.Rd2 Rg6 40.Bf1 Qc6 41.Rd1 Qxe4 42.Bd3 Qc6 43.Rdf1 axb3
44.cxb3 Rg2 45.Qh4 Rgxa2 46.Be4 Ra1+ 47.Kc2 R1a2+ 48.Kb1 Rh2 49.Rf8+ Rxf8
50.Rxf8+ Kxf8 51.Qd8+ Qe8 52.Qd6+ Qe7 53.Qb8+ Be8 54.Bc6 Qf7 55.Qd6+ Qe7
56.Qb8 Qe6 57.Be4 Qa6 58.Qxb4+ Kg8 59.Bd5+ Kh7 60.Nd2 Qd3+ 61.Kc1 Qc3+ 62.Qxc3 Bxc3
63.Ne4 Bb2+ 64.Kd1 Bh5+ 65.Ke1 Bd4 66.b4 Rb2 67.b5 Be3 68.Kf1 Rxb5 69.Bc4 Rb4
70.Bd3 Bg6  0-1